ARRUPE JESUIT UNIVERSITY

CORONAVIRUS -STOP THE SPREAD - CLEAN,DISINFECT,COVER
Normal view MARC view

Entry Personal Name

Number of records used in: 1

001 - CONTROL NUMBER

  • control field: 34809

003 - CONTROL NUMBER IDENTIFIER

  • control field: ARRUPE

005 - DATE AND TIME OF LATEST TRANSACTION

  • control field: 20170816104658.0

008 - FIXED-LENGTH DATA ELEMENTS

  • fixed length control field: 170816|| aca||aabn | a|a d

040 ## - CATALOGING SOURCE

  • Original cataloging agency: ARRUPE
  • Transcribing agency: ARRUPE

100 ## - HEADING--PERSONAL NAME

  • Personal name: Liszt, Franz,
  • Dates associated with a name: 1811-1886.
  • Title of a work: Via Crucis.

670 ## - SOURCE DATA FOUND

  • Source citation: Work cat.: (ARRUPE)0: Voici l'homme au carrefour du "Miserere" de Georges Rouault et de la "Via crucis" de Franz Liszt /, c2006.

 

Arrupe Library. PO Box MP320 Mt Pleasant, Harare, Zimbabwe
263 242 745411|librarian@aju.ac.zw